01722cam a2200313Ka 450000500170000000800410001702000190005803500210007704000500009804100080014824500980015626000720025430000230032650400530034950600540040252001700045653300750062653802280070164800220092965000620095165000460101365000140105965000450107365000440111865000330116270000290119570000390122477601450126320151109081650.0151109s2002 xxu fr 001 0 eng d z9780801487453  a(OCoLC)606633948 aCO-BoUCMbspacSandra PalaciodSandra Palacio0 aeng00aIdentity and foreign policy in the Middle EastcEditado por Shibley Telhami y Michael Barnett aIthaca (Nueva York, Estados Unidos)bCornell University Pressc2002 avii, 207 páginas aIncluye referencias bibliográficas e índices 3Use copyfRestrictions unspecified2star5MiAaHDL aIn this text, the authors explore how the formation and transformation of national and state identities affect the foreign policy behaviour of Middle Eastern states. aElectronic reproduction.b[S.l.] :cHathiTrust Digital Library,d2010. aMaster and use copy. Digital master created according to Benchmark for Faithful Digital Reproductions of Monographs and Serials, Version 1. Digital Library Federation, December 2002.uhttp://purl.oclc.org/DLF/benchrepro0212 7a1900 - 19992fast 0aIdentidad colectiva xAspectos políticoszMedio Oriente 0aRelaciones diplomáticas zMedio Oriente 7aNación  7aPolítica del comercio exterior zSiria 7aPolítica del comercio exterior zIraq 7aIdentidad colectiva zEgipto1 aTelhami, Shibleyeeditor1 aBarnett, Michael N.d1960-eeditor08iPrint version:tIdentity and foreign policy in the Middle East.dIthaca : Cornell University Press, 2002w(DLC) 2001004561w(OCoLC)47696440